[Event "Ch BLR U20g"]
[Site "?"]
[Date "2012.04.06"]
[Round "1.1"]
[White "Kaliadzich, Maryia"]
[Black "Kusenkova, Natallia"]
[Result "1-0"]
[WhiteElo "1893"]
[BlackElo "2003"]
[PlyCount "81"]
[EventDate "2012.04.07"]
[SourceDate "2012.04.07"]

1. Nf3 d5 2. d4 Nf6 3. e3 c5 4. b3 Nc6 5. Bb2 Bg4 6. Bd3 e6 7. O-O Be7 8. Nbd2
O-O 9. a3 Rc8 10. Rc1 Bh5 11. Qe2 cxd4 12. exd4 Bd6 13. Qe3 Ng4 14. Qe1 Qe7 15.
h3 Nf6 16. b4 Nd7 17. Ne5 Ndxe5 18. dxe5 Bc7 19. Kh1 a6 20. c4 dxc4 21. Nxc4
Rfd8 22. Qe3 Bg6 23. Be2 Qh4 24. f4 Ne7 25. Bg4 Nd5 26. Qf2 Qxf2 27. Rxf2 Kf8
28. Rff1 Ke7 29. Kg1 b5 30. Nd6 Bxd6 31. exd6+ Kxd6 32. Bxg7 Ne3 33. Be5+ Ke7
34. Rfe1 Nxg4 35. hxg4 Bd3 36. g5 Rxc1 37. Rxc1 Bc4 38. Bf6+ Ke8 39. Bxd8 Kxd8
40. Kf2 Ke7 41. Ke3 1-0

[Event "Ch BLR U20g"]
[Site "?"]
[Date "2012.04.06"]
[Round "1.2"]
[White "Revo, Tatiana"]
[Black "Stetsko, Lanita"]
[Result "1/2-1/2"]
[WhiteElo "2136"]
[BlackElo "2128"]
[PlyCount "62"]
[EventDate "2012.04.07"]
[SourceDate "2012.04.07"]

1. e4 e5 2. Nf3 Nc6 3. d4 exd4 4. Nxd4 Nf6 5. Nxc6 bxc6 6. e5 Qe7 7. Qe2 Nd5 8.
c4 Nb6 9. b3 Bb7 10. Bb2 Qe6 11. Nd2 Bb4 12. O-O-O O-O-O 13. Ne4 Qe7 14. f4
Rhe8 15. Ng3 Ba3 16. Nf5 Bxb2+ 17. Qxb2 Qf8 18. Be2 g6 19. Ng3 d5 20. exd6 Rxd6
21. Bf3 f5 22. Rhe1 Nd7 23. Rxe8+ Qxe8 24. Rxd6 cxd6 25. Qd4 Qe1+ 26. Kc2 Kc7
27. Qxa7 Nc5 28. Qa3 Na6 29. Qc1 Nb4+ 30. Kb1 Qxc1+ 31. Kxc1 Nxa2+ 1/2-1/2

[Event "Ch BLR U20g"]
[Site "?"]
[Date "2012.04.06"]
[Round "1.3"]
[White "Beinenson, Katsiaryna"]
[Black "Nevioselaya, Maria"]
[Result "0-1"]
[WhiteElo "1912"]
[BlackElo "1992"]
[PlyCount "64"]
[EventDate "2012.04.07"]
[SourceDate "2012.04.07"]

1. e4 c6 2. d4 d5 3. exd5 cxd5 4. Bd3 Nc6 5. c3 g6 6. Nf3 Bg7 7. O-O Nf6 8. Re1
O-O 9. h3 Nh5 10. b4 a6 11. a4 Bd7 12. Ba3 Re8 13. b5 Na5 14. Ne5 Nf6 15. Bb4
Bf5 16. Bxf5 gxf5 17. Nd2 e6 18. g4 Ne4 19. f3 Nxd2 20. Qxd2 Nb3 21. Qf4 Nxa1
22. Rxa1 Qh4 23. Qh2 Bxe5 24. dxe5 fxg4 25. fxg4 axb5 26. a5 Rec8 27. Qf4 Rc4
28. Qf3 Qg5 29. Rf1 Qg6 30. Kh2 Rac8 31. g5 R8c7 32. Bd6 Rxc3 0-1

[Event "Ch BLR U20g"]
[Site "?"]
[Date "2012.04.07"]
[Round "2.1"]
[White "Stetsko, Lanita"]
[Black "Beinenson, Katsiaryna"]
[Result "1-0"]
[WhiteElo "2128"]
[BlackElo "1912"]
[PlyCount "61"]
[EventDate "2012.04.07"]
[SourceDate "2012.04.07"]

1. e4 c5 2. Nf3 Nc6 3. d4 cxd4 4. Nxd4 Qb6 5. Nb3 Nf6 6. Nc3 e6 7. Bd3 Bb4 8.
Bd2 Be7 9. Be3 Qc7 10. f4 d6 11. Qf3 a6 12. g4 b5 13. g5 Nd7 14. O-O-O Bb7 15.
Kb1 O-O 16. Qh5 Nb4 17. Rhg1 Rfc8 18. f5 exf5 19. exf5 Nxd3 20. g6 Bf6 21.
Qxh7+ Kf8 22. Rxd3 b4 23. Bg5 bxc3 24. Qh8+ Ke7 25. Qxg7 Bxg5 26. Qxf7+ Kd8 27.
g7 Nf6 28. Qxf6+ Bxf6 29. g8=Q+ Kd7 30. Qe6+ Kc6 31. Qxf6 1-0

[Event "Ch BLR U20g"]
[Site "?"]
[Date "2012.04.07"]
[Round "2.2"]
[White "Kaliadzich, Maryia"]
[Black "Revo, Tatiana"]
[Result "1-0"]
[WhiteElo "1893"]
[BlackElo "2136"]
[PlyCount "77"]
[EventDate "2012.04.07"]
[SourceDate "2012.04.07"]

1. e4 c5 2. Nf3 d6 3. d4 cxd4 4. Nxd4 Nf6 5. Nc3 a6 6. h3 e5 7. Nde2 h5 8. Bg5
Be6 9. Bxf6 Qxf6 10. Nd5 Qd8 11. Nec3 Nc6 12. Be2 g6 13. O-O Bg7 14. Ne3 O-O
15. Ncd5 Ne7 16. Qd3 Nxd5 17. Nxd5 Bxd5 18. Qxd5 Qb6 19. Bc4 Rac8 20. Bb3 Kh7
21. Rad1 Rcd8 22. a4 a5 23. Qc4 f5 24. Rd5 fxe4 25. Rb5 Qd4 26. Rxa5 Rc8 27.
Qe2 Bh6 28. Rd5 Qb6 29. Rb5 Qc6 30. Bd5 Qxc2 31. Rxb7+ Kh8 32. Qxc2 Rxc2 33.
Bxe4 Rc4 34. Bxg6 Bd2 35. b3 Rcf4 36. Bxh5 Be3 37. Bf3 Bc5 38. Re1 Rg8 39. Re4
1-0

[Event "Ch BLR U20g"]
[Site "?"]
[Date "2012.04.07"]
[Round "2.3"]
[White "Kusenkova, Natallia"]
[Black "Nevioselaya, Maria"]
[Result "1-0"]
[WhiteElo "2003"]
[BlackElo "1992"]
[PlyCount "79"]
[EventDate "2012.04.07"]
[SourceDate "2012.04.07"]

1. e4 c6 2. d4 d5 3. Nc3 dxe4 4. Nxe4 Bf5 5. Ng3 Bg6 6. h4 h6 7. Nf3 Nd7 8. h5
Bh7 9. Bd3 Bxd3 10. Qxd3 e6 11. Bd2 Ngf6 12. O-O-O Be7 13. Qe2 O-O 14. Ne5 c5
15. dxc5 Bxc5 16. Nxd7 Nxd7 17. Ne4 Qc7 18. Bxh6 gxh6 19. Rxd7 Qf4+ 20. Kb1 b6
21. Rhd1 a5 22. R1d3 Kh8 23. a3 Qe5 24. f4 Qf5 25. Nxc5 bxc5 26. Qe5+ Qxe5 27.
fxe5 c4 28. Rf3 Kg8 29. b3 Rac8 30. Kb2 Rc5 31. Rg3+ Kh8 32. Re3 Rfc8 33. b4
axb4 34. axb4 Rb8 35. Kc3 Rcb5 36. Rxf7 Rxb4 37. Rc7 Ra4 38. Rxc4 Ra5 39. Kd3
Rbb5 40. Rce4 1-0

[Event "Ch BLR U20g"]
[Site "?"]
[Date "2012.04.08"]
[Round "3.1"]
[White "Nevioselaya, Maria"]
[Black "Stetsko, Lanita"]
[Result "0-1"]
[WhiteElo "1992"]
[BlackElo "2128"]
[PlyCount "84"]
[EventDate "2012.04.07"]
[SourceDate "2012.04.07"]

1. e4 e5 2. Nf3 Nc6 3. Bb5 a6 4. Ba4 Nf6 5. d3 d6 6. c3 g6 7. O-O Bg7 8. Re1
O-O 9. Nbd2 h6 10. Nf1 b5 11. Bc2 d5 12. h3 Be6 13. Ng3 Re8 14. d4 exd4 15. e5
Nd7 16. cxd4 Nb4 17. Bb1 a5 18. Bd2 c5 19. Qc1 cxd4 20. Bxh6 d3 21. Bxg7 Kxg7
22. Nd4 Qh4 23. Nxb5 Rac8 24. Qe3 Nc5 25. Nd6 d4 26. Nxe8+ Rxe8 27. Qf3 Bd5 28.
Qd1 Qg5 29. a3 Bb3 30. Qf3 d2 31. Rf1 Nc2 32. Bxc2 Bxc2 33. b4 Nb3 34. Ra2 d3
35. e6 Rxe6 36. Rxc2 dxc2 37. Qc3+ Qf6 38. Qxc2 Re1 39. Qxb3 Qa1 40. Nh5+ gxh5
41. Qg3+ Kh8 42. Qb8+ Kh7 0-1

[Event "Ch BLR U20g"]
[Site "?"]
[Date "2012.04.09"]
[Round "3.2"]
[White "Beinenson, Katsiaryna"]
[Black "Kaliadzich, Maryia"]
[Result "1-0"]
[WhiteElo "1912"]
[BlackElo "1893"]
[PlyCount "59"]
[EventDate "2012.04.07"]
[SourceDate "2012.04.07"]

1. e4 c6 2. d4 d5 3. exd5 cxd5 4. Bd3 Nc6 5. c3 Nf6 6. Bg5 g6 7. Bxf6 exf6 8.
Ne2 Bg7 9. O-O O-O 10. Nd2 Ne7 11. Ng3 Qc7 12. Qf3 h5 13. h3 Rd8 14. Rfe1 h4
15. Ngf1 Be6 16. Nh2 Qd6 17. Nb3 b6 18. Nc1 a5 19. a4 Kf8 20. Ne2 g5 21. Qh5
Ng8 22. f4 Bh6 23. Nf3 g4 24. hxg4 Bxf4 25. Qxh4 Be3+ 26. Kf1 Nh6 27. g5 Ng4
28. gxf6 Bh6 29. Ne5 Ne3+ 30. Kg1 1-0

[Event "Ch BLR U20g"]
[Site "?"]
[Date "2012.04.08"]
[Round "3.3"]
[White "Revo, Tatiana"]
[Black "Kusenkova, Natallia"]
[Result "1/2-1/2"]
[WhiteElo "2136"]
[BlackElo "2003"]
[PlyCount "66"]
[EventDate "2012.04.07"]
[SourceDate "2012.04.07"]

1. e4 c5 2. Nf3 d6 3. d4 cxd4 4. Nxd4 Nf6 5. Nc3 a6 6. Be3 e5 7. Nb3 Be6 8. f3
Nbd7 9. Qd2 h5 10. Nd5 Bxd5 11. exd5 g6 12. Na5 Qc7 13. c4 Bg7 14. Be2 O-O 15.
O-O e4 16. f4 Ng4 17. Bxg4 hxg4 18. Rac1 Nc5 19. b4 Nd3 20. Rc2 Qd7 21. a3 Bf6
22. Nb3 Rac8 23. Nd4 Bxd4 24. Bxd4 Qf5 25. Qe2 b5 26. h3 g3 27. Qe3 Rxc4 28.
Rxc4 bxc4 29. Qxg3 f6 30. Qh4 Qh5 31. Qg3 Qf5 32. Qh4 Qh5 33. Qg3 Qf5 1/2-1/2

[Event "Ch BLR U20g"]
[Site "?"]
[Date "2012.04.09"]
[Round "4.1"]
[White "Kaliadzich, Maryia"]
[Black "Nevioselaya, Maria"]
[Result "0-1"]
[WhiteElo "1893"]
[BlackElo "1992"]
[PlyCount "68"]
[EventDate "2012.04.07"]
[SourceDate "2012.04.07"]

1. Nf3 d5 2. d4 Nf6 3. Nbd2 Bf5 4. e3 e6 5. Ne5 Bd6 6. g4 Bxe5 7. gxf5 Bd6 8.
fxe6 fxe6 9. c4 c6 10. Bh3 Qe7 11. f4 Nbd7 12. c5 Bc7 13. Nf3 Ne4 14. Rg1 Ba5+
15. Kf1 h6 16. Rg6 Nf8 17. Ne5 Nxg6 18. Nxg6 Qf6 19. Nxh8 Kd7 20. b4 Bc7 21.
Bg2 Rxh8 22. Bxe4 dxe4 23. a4 g5 24. Ra2 gxf4 25. exf4 Rg8 26. Rf2 Qf5 27. Qb3
Rg4 28. b5 Qg6 29. Ke2 Rg1 30. bxc6+ bxc6 31. Qb2 Qg4+ 32. Kd2 Qd1+ 33. Kc3
Ba5+ 34. Kc4 Qd3# 0-1

[Event "Ch BLR U20g"]
[Site "?"]
[Date "2012.04.09"]
[Round "4.2"]
[White "Kusenkova, Natallia"]
[Black "Stetsko, Lanita"]
[Result "1/2-1/2"]
[WhiteElo "2003"]
[BlackElo "2128"]
[PlyCount "77"]
[EventDate "2012.04.07"]
[SourceDate "2012.04.07"]

1. e4 e5 2. Nf3 Nc6 3. Bb5 a6 4. Ba4 Nf6 5. O-O Be7 6. Re1 b5 7. Bb3 d6 8. c3
O-O 9. h3 Nb8 10. d4 Nbd7 11. Nbd2 Bb7 12. Bc2 Re8 13. Nf1 Bf8 14. Ng3 g6 15.
a4 Bg7 16. Bd3 c6 17. Be3 Qc7 18. Qd2 Nf8 19. c4 exd4 20. Bxd4 bxc4 21. Bxc4 c5
22. Bc3 Nxe4 23. Nxe4 Rxe4 24. Rxe4 Bxe4 25. Ng5 Bxc3 26. bxc3 d5 27. Bxd5 Bxd5
28. Qxd5 Rd8 29. Qc4 h6 30. Ne4 Qe5 31. Ng3 Ne6 32. Kf1 Qd5 33. Qxd5 Rxd5 34.
Rb1 Rd2 35. Rb6 Nf4 36. Kg1 Nd5 37. Rc6 Nxc3 38. Rxc5 Nxa4 39. Ra5 1/2-1/2

[Event "Ch BLR U20g"]
[Site "?"]
[Date "2012.04.09"]
[Round "4.3"]
[White "Revo, Tatiana"]
[Black "Beinenson, Katsiaryna"]
[Result "0-1"]
[WhiteElo "2136"]
[BlackElo "1912"]
[PlyCount "52"]
[EventDate "2012.04.07"]
[SourceDate "2012.04.07"]

1. e4 c5 2. Nf3 Nc6 3. d4 cxd4 4. Nxd4 Qb6 5. Nb3 Nf6 6. Nc3 e6 7. Bd3 Be7 8.
Be3 Qc7 9. O-O d6 10. f4 a6 11. Qf3 O-O 12. g4 Nd7 13. g5 b5 14. Qh5 Nb4 15.
Rf3 Re8 16. Nd4 g6 17. Qh4 Nxd3 18. cxd3 b4 19. f5 bxc3 20. fxg6 fxg6 21. Rf7
Nf8 22. Raf1 h5 23. Qf2 e5 24. Nc6 Qxc6 25. Rxe7 Be6 26. Rf7 Nh7 0-1

[Event "Ch BLR U20g"]
[Site "?"]
[Date "2012.04.10"]
[Round "5.1"]
[White "Nevioselaya, Maria"]
[Black "Revo, Tatiana"]
[Result "1-0"]
[WhiteElo "1992"]
[BlackElo "2136"]
[PlyCount "135"]
[EventDate "2012.04.07"]
[SourceDate "2012.04.07"]

1. e4 c5 2. Nf3 d6 3. d4 cxd4 4. Nxd4 Nf6 5. Nc3 a6 6. Bc4 e6 7. Bb3 b5 8. O-O
Be7 9. Qf3 Qb6 10. Be3 Qb7 11. Qg3 b4 12. Na4 Nbd7 13. f3 O-O 14. c3 Ne5 15.
cxb4 Qxb4 16. Nc2 Qb7 17. Rfd1 Rb8 18. Rac1 Bd7 19. Nb6 Bb5 20. a4 Ned7 21.
axb5 Nxb6 22. bxa6 Qxa6 23. Nb4 Qb5 24. Nc6 Qxb3 25. Nxe7+ Kh8 26. Bd4 Na4 27.
Nc6 Rbc8 28. Qxd6 Nxb2 29. Rb1 Qa4 30. Bxb2 Qxc6 31. Qf4 Nd7 32. Ba3 Nc5 33.
Rdc1 Nd3 34. Rxc6 Nxf4 35. Bxf8 Rxf8 36. Rcb6 g6 37. Rb8 Rxb8 38. Rxb8+ Kg7 39.
Kf2 h5 40. g3 Nd3+ 41. Ke3 Ne5 42. h4 Kf6 43. f4 Ng4+ 44. Kd4 Nf2 45. Rb7 Ng4
46. Kc5 Nf2 47. Kd4 Ng4 48. Rb2 Nh6 49. Kc5 Ke7 50. Rb7+ Kf6 51. Kd6 Kg7 52.
Ke7 Ng8+ 53. Kd8 Nf6 54. Rb4 Ng4 55. Ra4 Nh6 56. Ke7 Ng8+ 57. Kd6 Nh6 58. Ra8
Ng8 59. Ra5 Nh6 60. Rg5 Kf6 61. Kd7 Kg7 62. Ra5 Kf8 63. Ra8+ Kg7 64. Ke7 Ng4
65. Rf8 Nh6 66. Ke8 Kf6 67. Rh8 Ng4 68. Rh7 1-0

[Event "Ch BLR U20g"]
[Site "?"]
[Date "2012.04.10"]
[Round "5.2"]
[White "Beinenson, Katsiaryna"]
[Black "Kusenkova, Natallia"]
[Result "1-0"]
[WhiteElo "1912"]
[BlackElo "2003"]
[PlyCount "103"]
[EventDate "2012.04.07"]
[SourceDate "2012.04.07"]

1. e4 c5 2. Nc3 Nc6 3. Nge2 d6 4. d4 cxd4 5. Nxd4 Nf6 6. Bg5 Bd7 7. Qd2 Rc8 8.
f4 Nxd4 9. Qxd4 Qa5 10. e5 dxe5 11. fxe5 e6 12. O-O-O Bc6 13. Kb1 Nd7 14. Bc4
Bc5 15. Qf4 Bb4 16. Ne2 Qxe5 17. Qg4 O-O 18. Nf4 Rfe8 19. Nd3 Qa5 20. Bxe6 Rxe6
21. Nxb4 Be4 22. Bd2 Bf5 23. Qg3 Qc5 24. Bc3 Rg6 25. Qf4 Be6 26. Qd2 Qc4 27.
Rhf1 a5 28. Rf4 Qc7 29. Nd3 b6 30. g3 Qc6 31. Rd4 Rg4 32. Nf4 Nf8 33. Nxe6 Qxe6
34. Rd6 Qf5 35. Rxb6 Rgc4 36. Qd3 Qf2 37. Rb5 a4 38. Qd2 Qf3 39. Rb4 a3 40.
Rxc4 Rxc4 41. Qd3 Qc6 42. Qd5 Qc8 43. Rd4 Rc5 44. Qb3 axb2 45. Bxb2 h6 46. a4
Ne6 47. Rb4 Qd7 48. Ka2 Qd1 49. Rc4 Rd5 50. Rc6 Qd2 51. Qc3 Qg2 52. Rxe6 1-0

[Event "Ch BLR U20g"]
[Site "?"]
[Date "2012.04.10"]
[Round "5.3"]
[White "Stetsko, Lanita"]
[Black "Kaliadzich, Maryia"]
[Result "1-0"]
[WhiteElo "2128"]
[BlackElo "1893"]
[PlyCount "89"]
[EventDate "2012.04.07"]
[SourceDate "2012.04.07"]

1. e4 c6 2. d4 d5 3. Nc3 dxe4 4. Nxe4 Bf5 5. Ng3 Bg6 6. h4 h6 7. Nf3 Nd7 8. h5
Bh7 9. Bd3 Bxd3 10. Qxd3 Qc7 11. Bd2 e6 12. O-O-O Ngf6 13. Kb1 O-O-O 14. c4 c5
15. Bc3 cxd4 16. Nxd4 Nc5 17. Qc2 a6 18. b4 Ncd7 19. c5 Nd5 20. Ne4 Nb8 21. Qb3
Be7 22. Bb2 Nc6 23. Nxc6 bxc6 24. a3 Qf4 25. Rd4 Qf5 26. g4 Qh7 27. Ka1 f5 28.
Nd6+ Bxd6 29. cxd6 Rxd6 30. Qc4 Kb7 31. Qc5 Rd7 32. Rc4 Rc8 33. Bd4 Kb8 34. Qa5
Kb7 35. Rhc1 Rcc7 36. a4 fxg4 37. b5 Qd3 38. Qxa6+ Kb8 39. Bb2 cxb5 40. Qxb5+
Ka8 41. Ka2 Rxc4 42. Rxc4 Nb6 43. Qa6+ Kb8 44. Qxb6+ Rb7 45. Be5+ 1-0

[Event "Ch BLR U20g"]
[Site "?"]
[Date "2012.04.12"]
[Round "7.1"]
[White "Beinenson, Katsiaryna"]
[Black "Stetsko, Lanita"]
[Result "1/2-1/2"]
[WhiteElo "1912"]
[BlackElo "2128"]
[PlyCount "76"]
[EventDate "2012.04.07"]
[SourceDate "2012.04.07"]

1. d4 Nf6 2. Nf3 d5 3. Bf4 c5 4. c3 Qb6 5. Qb3 Nc6 6. e3 c4 7. Qc2 Bf5 8. Qc1
e6 9. Nbd2 Qd8 10. Be2 Bd6 11. Bxd6 Qxd6 12. b3 cxb3 13. axb3 O-O 14. O-O e5
15. dxe5 Nxe5 16. Nxe5 Qxe5 17. Nf3 Qc7 18. Qb2 Bg4 19. h3 Bh5 20. Rfc1 Qe7 21.
Ra4 a6 22. b4 Ne4 23. Ra5 b5 24. Rca1 Qf6 25. Bxb5 Bxf3 26. gxf3 Qxf3 27. Bxa6
Rad8 28. Bf1 Rd6 29. Ra6 Rg6+ 30. Rxg6 fxg6 31. Bg2 Qf5 32. Ra5 Nxf2 33. Bxd5+
Kh8 34. Bg2 Nxh3+ 35. Kh2 Qe6 36. Bxh3 Qxe3 37. Bg2 Qf4+ 38. Kg1 Qe3+ 1/2-1/2

[Event "Ch BLR U20g"]
[Site "?"]
[Date "2012.04.12"]
[Round "7.2"]
[White "Revo, Tatsiana"]
[Black "Kaliadzih, Maryia"]
[Result "1-0"]
[WhiteElo "2136"]
[BlackElo "1893"]
[PlyCount "71"]
[EventDate "2012.04.07"]
[SourceDate "2012.04.07"]

1. e4 c5 2. Nf3 Nc6 3. d4 cxd4 4. Nxd4 Nf6 5. Nc3 e5 6. Ndb5 d6 7. Bg5 a6 8.
Na3 b5 9. Nd5 Be7 10. Bxf6 Bxf6 11. c4 Nd4 12. cxb5 O-O 13. b6 Bb7 14. Bc4 Rb8
15. O-O Bg5 16. f4 Bh6 17. Kh1 Kh8 18. f5 Qh4 19. Qd3 Qh5 20. Rab1 a5 21. b4
Bxd5 22. Bxd5 Rxb6 23. bxa5 Rxb1 24. Rxb1 Bf4 25. g3 Nf3 26. Kg2 Qxh2+ 27. Kxf3
g5 28. gxf4 exf4 29. Qd4+ f6 30. Rg1 Qh3+ 31. Ke2 g4 32. Qf2 g3 33. Qg2 Qh2 34.
Qxh2 gxh2 35. Rh1 Rb8 36. Bb3 1-0

[Event "Ch BLR U20g"]
[Site "?"]
[Date "2012.04.12"]
[Round "7.3"]
[White "Nevioselaya, Maria"]
[Black "Kusenkova, Natallia"]
[Result "1/2-1/2"]
[WhiteElo "1992"]
[BlackElo "2003"]
[PlyCount "60"]
[EventDate "2012.04.07"]
[SourceDate "2012.04.07"]

1. e4 c5 2. Nf3 d6 3. d4 cxd4 4. Nxd4 Nf6 5. Nc3 a6 6. Bc4 e6 7. Bb3 b5 8. O-O
Be7 9. Qf3 Qb6 10. Be3 Qb7 11. Qg3 b4 12. Na4 Nbd7 13. f3 O-O 14. Rad1 Ne5 15.
Ne2 a5 16. Bd4 Ned7 17. Bc4 Qc6 18. b3 Ba6 19. Bxa6 Qxa6 20. Rd2 Rac8 21. Nc1
Rc6 22. Nd3 Rfc8 23. Rc1 Rxc2 24. Rcxc2 Rxc2 25. Rxc2 Qxd3 26. Rc8+ Nf8 27. Bb2
Qd1+ 28. Kf2 Nh5 29. Qg4 Qd2+ 30. Kf1 Qd1+ 1/2-1/2

[Event "Ch BLR U20g"]
[Site "?"]
[Date "2012.04.11"]
[Round "6.1"]
[White "Kusenkova, Natallia"]
[Black "Kaliadzich, Maryia"]
[Result "1-0"]
[WhiteElo "2003"]
[BlackElo "1893"]
[PlyCount "99"]
[EventDate "2012.04.07"]
[SourceDate "2012.04.07"]

1. e4 c6 2. d4 d5 3. Nc3 dxe4 4. Nxe4 Bf5 5. Ng3 Bg6 6. h4 h6 7. Nf3 Nd7 8. h5
Bh7 9. Bd3 Bxd3 10. Qxd3 Qc7 11. Bd2 e6 12. O-O-O O-O-O 13. Ne4 Ngf6 14. g3
Nxe4 15. Qxe4 Bd6 16. c4 c5 17. Bc3 Rhe8 18. Kb1 a6 19. Qe2 cxd4 20. Nxd4 Nc5
21. Nb3 Nxb3 22. axb3 f6 23. b4 Qc6 24. b5 axb5 25. cxb5 Qb6 26. Rh4 Bc5 27.
Rc1 Kd7 28. Rg4 Re7 29. Ra4 Rc8 30. Ba5 Qa7 31. Qd1+ Ke8 32. Bb4 Qb6 33. Bxc5
Rxc5 34. Ra8+ Kf7 35. Rxc5 Qxc5 36. Qd8 Qxh5 37. Qf8+ Kg6 38. Qxe7 Qd1+ 39. Ka2
Qd5+ 40. Ka3 Qf3+ 41. Ka4 Qd1+ 42. Ka5 Qa1+ 43. Qa3 Qe1+ 44. Kb6 Qxf2+ 45. Kxb7
e5 46. Re8 Qd4 47. Re7 e4 48. Qc3 Qa4 49. b6 h5 50. Qc6 1-0

[Event "Ch BLR U20g"]
[Site "?"]
[Date "2012.04.11"]
[Round "6.2"]
[White "Stetsko, Lanita"]
[Black "Revo, Tatiana"]
[Result "1-0"]
[WhiteElo "2128"]
[BlackElo "2136"]
[PlyCount "111"]
[EventDate "2012.04.07"]
[SourceDate "2012.04.07"]

1. e4 c5 2. Nf3 d6 3. d4 cxd4 4. Nxd4 Nf6 5. Nc3 a6 6. Be3 e6 7. Be2 Be7 8. a4
Nc6 9. O-O O-O 10. f4 Qc7 11. Kh1 Bd7 12. Nb3 b6 13. Bf3 Rab8 14. g4 Na5 15. g5
Ne8 16. Nd4 Nc4 17. Bc1 b5 18. axb5 axb5 19. Qd3 b4 20. Nce2 Na5 21. Bg2 Nc6
22. Nxc6 Bxc6 23. Nd4 Bd7 24. f5 e5 25. f6 gxf6 26. gxf6 Bxf6 27. Nf5 Bb5 28.
Qg3+ Kh8 29. Rf2 Rg8 30. Qh3 Rg6 31. Be3 Bc6 32. Nh4 Bxh4 33. Qxh4 Qd8 34. Qxd8
Rxd8 35. Rxf7 Nf6 36. Rxf6 Rxf6 37. Bg5 Rdf8 38. Bxf6+ Rxf6 39. Ra6 Bd7 40. Rb6
Bg4 41. Rxb4 Rf2 42. Rc4 Bd1 43. Kg1 Rd2 44. b4 Bxc2 45. b5 Bd3 46. Rb4 Ra2 47.
b6 Ra8 48. Kf2 Kg7 49. Ke3 Ba6 50. Ra4 Bb7 51. Rxa8 Bxa8 52. Bf1 d5 53. Bd3 d4+
54. Kf3 Kf6 55. Ba6 d3 56. b7 1-0

[Event "Ch BLR U20g"]
[Site "?"]
[Date "2012.04.11"]
[Round "6.3"]
[White "Nevioselaya, Maria"]
[Black "Beinenson, Katsiaryna"]
[Result "*"]
[WhiteElo "1991"]
[BlackElo "1912"]
[PlyCount "61"]
[EventDate "2012.04.07"]
[SourceDate "2012.04.07"]

1. e4 c5 2. Nf3 Nc6 3. d4 cxd4 4. Nxd4 Qb6 5. Nb3 Nf6 6. Nc3 e6 7. Bd3 Be7 8.
O-O O-O 9. Be3 Qc7 10. f4 d6 11. g4 Nd7 12. g5 Re8 13. a3 a6 14. Qh5 g6 15. Qh4
Bf8 16. Rf3 Bg7 17. Rh3 Nf8 18. f5 Bxc3 19. f6 h5 20. bxc3 e5 21. Rg3 Nd8 22.
Be2 Qc6 23. Nd2 Nh7 24. Bxh5 gxh5 25. Qxh5 Kh8 26. g6 fxg6 27. Rxg6 Ne6 28. f7
Rd8 29. Rh6 Nef8 30. Qg5 Ne6 31. Qg6 *

[Event "Ch BLR U20g"]
[Site "?"]
[Date "2012.04.13"]
[Round "8.1"]
[White "Stetsko, Lanita"]
[Black "Nevioselaya, Maria"]
[Result "0-1"]
[WhiteElo "2128"]
[BlackElo "1992"]
[PlyCount "98"]
[EventDate "2012.04.07"]
[SourceDate "2012.04.07"]

1. e4 c6 2. d4 d5 3. e5 c5 4. dxc5 e6 5. a3 Bxc5 6. Nf3 Qc7 7. b4 Bb6 8. Bd3
Nc6 9. Bb2 Nge7 10. O-O Ng6 11. Re1 Qb8 12. c4 dxc4 13. Bxg6 hxg6 14. Nbd2 O-O
15. Nxc4 Bc7 16. Qc2 Ne7 17. Rac1 b5 18. Ncd2 Bb6 19. Ne4 Bb7 20. Qe2 Bxe4 21.
Qxe4 Nd5 22. h4 Bd8 23. Bd4 a5 24. Bc5 Re8 25. Qd3 axb4 26. axb4 Be7 27. Re4
Rc8 28. Ng5 Bxc5 29. bxc5 b4 30. Qf3 Rc7 31. h5 gxh5 32. Qxh5 Kf8 33. Rh4 b3
34. Rb1 b2 35. Qe2 Ke7 36. Rxb2 Qa7 37. Ne4 Qa1+ 38. Kh2 Ra4 39. Rh8 Rxe4 40.
Qb5 Rxe5 41. c6 Qc1 42. Qb8 Kf6 43. Qd8+ Re7 44. Rb3 Qxc6 45. Rf3+ Rf5 46. Rh6+
Ke5 47. Re3+ Nxe3 48. fxe3 Rd7 49. Qb8+ Qd6 0-1

[Event "Ch BLR U20g"]
[Site "?"]
[Date "2012.04.13"]
[Round "8.2"]
[White "Kaliadzich, Maryia"]
[Black "Beinenson, Katsiaryna"]
[Result "0-1"]
[WhiteElo "1893"]
[BlackElo "1912"]
[PlyCount "78"]
[EventDate "2012.04.07"]
[SourceDate "2012.04.07"]

1. e4 c5 2. Nf3 Nc6 3. d3 d6 4. Nbd2 g6 5. g3 Bg7 6. Bg2 Nf6 7. O-O Rb8 8. a4
a6 9. Nh4 b5 10. f4 Ng4 11. Ndf3 Qb6 12. c3 c4+ 13. d4 e5 14. fxe5 dxe5 15. Kh1
exd4 16. cxd4 Nxd4 17. h3 Nxf3 18. Qxf3 Ne5 19. Qe2 O-O 20. Be3 Qe6 21. Nf3
Nxf3 22. Rxf3 Bb7 23. Rf4 Be5 24. Rff1 Bxg3 25. Bh6 Rfe8 26. axb5 axb5 27. Ra3
Bd6 28. Raf3 Bxe4 29. Re3 f5 30. Bxe4 fxe4 31. Re1 Bc5 32. Rg3 Rbd8 33. Qg2 Rd3
34. Rg4 e3 35. Rg5 e2 36. Rxc5 Rxh3+ 37. Kg1 Rxh6 38. Qf3 Qd6 39. Rxe2 Qxc5+
0-1

[Event "Ch BLR U20g"]
[Site "?"]
[Date "2012.04.13"]
[Round "8.3"]
[White "Kusenkova, Natallia"]
[Black "Revo, Tatsiana"]
[Result "0-1"]
[WhiteElo "2003"]
[BlackElo "2136"]
[PlyCount "110"]
[EventDate "2012.04.07"]
[SourceDate "2012.04.07"]

1. e4 c5 2. Nf3 d6 3. c3 Nf6 4. Be2 Nc6 5. d4 g6 6. dxc5 dxc5 7. Qxd8+ Kxd8 8.
Bd3 h6 9. Na3 e6 10. Ke2 b6 11. h4 Bg7 12. Bf4 Ng4 13. Rad1 e5 14. Bc1 Ke7 15.
Nb5 Ba6 16. Nc7 Bxd3+ 17. Rxd3 Rad8 18. Nd5+ Ke6 19. Nc7+ Ke7 20. Nd5+ Kf8 21.
Rhd1 f5 22. Nd2 Kf7 23. f3 Nf6 24. Nxf6 Rxd3 25. Kxd3 Bxf6 26. g3 f4 27. gxf4
exf4 28. Nf1 g5 29. Ke2 Ne5 30. Nh2 Ke6 31. Rd5 Ng6 32. h5 Ne5 33. Ng4 Nxg4 34.
fxg4 Rd8 35. Rxd8 Bxd8 36. Kf3 Bf6 37. Bd2 b5 38. Be1 a5 39. b3 b4 40. cxb4
axb4 41. Bd2 Bb2 42. Ke2 Ke5 43. Kd3 Bd4 44. Bc1 f3 45. a4 f2 46. Ke2 Kxe4 47.
Bd2 c4 48. bxc4 b3 49. Bc1 b2 50. Bxb2 Bxb2 51. Kxf2 Kf4 52. Ke2 Bd4 53. Kd3
Bc5 54. a5 Kf3 55. a6 Kf4 0-1

[Event "Ch BLR U20g"]
[Site "?"]
[Date "2012.04.14"]
[Round "9.1"]
[White "Beinenson, Katsiaryna"]
[Black "Revo, Tatiana"]
[Result "1/2-1/2"]
[WhiteElo "1912"]
[BlackElo "2136"]
[PlyCount "145"]
[EventDate "2012.04.07"]
[SourceDate "2012.04.07"]

1. d4 Nf6 2. Nf3 g6 3. Bf4 Bg7 4. Nbd2 O-O 5. e3 d6 6. Be2 Nbd7 7. h3 Qe8 8.
O-O e5 9. dxe5 Nxe5 10. c3 Qe7 11. Nc4 Nxc4 12. Bxc4 d5 13. Bb3 c6 14. Be5 Bf5
15. c4 Rfd8 16. cxd5 Nxd5 17. Bxg7 Kxg7 18. Qd4+ Nf6 19. Qe5 Qxe5 20. Nxe5 Be6
21. Bxe6 fxe6 22. Rfd1 Rd5 23. Rxd5 exd5 24. Rc1 Ne4 25. Kf1 Kf6 26. Nd3 Rc8
27. Ke2 Ke6 28. f3 Nd6 29. b3 Re8 30. Kd2 Kd7 31. g4 b6 32. Nb4 Rc8 33. h4 a5
34. Nd3 c5 35. Nf4 Kc6 36. g5 Nf7 37. e4 dxe4 38. fxe4 Re8 39. Re1 Ne5 40. Ke3
Rd8 41. Nd5 a4 42. bxa4 Ra8 43. Nc3 Rf8 44. Ke2 Rf3 45. Nd5 Ra3 46. Nf6 Rxa2+
47. Ke3 Ra3+ 48. Ke2 Rh3 49. h5 gxh5 50. Nxh7 Ra3 51. Nf6 Rxa4 52. Rf1 Ra2+ 53.
Ke3 Rg2 54. Kf4 Nf7 55. e5 Nxg5 56. Nxh5 Ne6+ 57. Kf5 Rg5+ 58. Kxe6 Rxh5 59.
Kf6 Rh6+ 60. Kf7 Rh7+ 61. Kg6 Rh2 62. e6 Re2 63. Kf7 c4 64. e7 b5 65. e8=Q+
Rxe8 66. Kxe8 b4 67. Ke7 b3 68. Rb1 Kd5 69. Kd7 Kd4 70. Kd6 c3 71. Rxb3 c2 72.
Rb4+ Kd3 73. Rb3+ 1/2-1/2

[Event "Ch BLR U20g"]
[Site "?"]
[Date "2012.04.14"]
[Round "9.2"]
[White "Nevioselaya, Maria"]
[Black "Kaliadzich, Maryia"]
[Result "1/2-1/2"]
[WhiteElo "1992"]
[BlackElo "1893"]
[PlyCount "112"]
[EventDate "2012.04.07"]
[SourceDate "2012.04.07"]

1. e4 c5 2. Nf3 Nc6 3. d4 cxd4 4. Nxd4 Nf6 5. Nc3 e5 6. Ndb5 d6 7. Bg5 a6 8.
Na3 b5 9. Nd5 Be7 10. Bxf6 Bxf6 11. c3 O-O 12. Nc2 Bg5 13. a4 bxa4 14. Rxa4 a5
15. Bc4 Rb8 16. b3 Kh8 17. O-O f5 18. Re1 fxe4 19. Rxe4 Bf5 20. Re2 Bg6 21.
Nce3 Bh5 22. g4 Bg6 23. Rb2 e4 24. Bf1 Ne5 25. Kh1 Bh4 26. Raa2 Qg5 27. h3 Rf7
28. Nc4 Rbf8 29. Qd4 Nf3 30. Qd1 h5 31. Rxa5 hxg4 32. Nde3 Qf4 33. Qxd6 gxh3
34. Qxf4 Rxf4 35. Bxh3 Bd8 36. Ra6 Rh4 37. Kg2 Ne1+ 38. Kf1 Nd3 39. Rba2 Kh7
40. Bg2 Rhf4 41. Kg1 Bh4 42. f3 exf3 43. Bf1 f2+ 44. Kh2 Ne1 45. Ra8 Rxa8 46.
Rxa8 Be4 47. Ra5 Nf3+ 48. Kh3 g5 49. Ra7+ Kg8 50. Nd6 Ng1+ 51. Kh2 g4 52. Nxe4
Rxe4 53. Nf5 Nf3+ 54. Kg2 Ne1+ 55. Kh2 Nf3+ 56. Kg2 Ne1+ 1/2-1/2